header

The three paradoxes of Roland Barthes (Record no. 149558)

MARC details
000 -LEADER
fixed length control field 01209nam a2200325Ia 4500
082 04 - DEWEY DECIMAL CLASSIFICATION NUMBER
Classification number 808/.00141
100 1# - MAIN ENTRY--AUTHOR NAME
Personal name Lombardo, Patrizia.
245 14 - TITLE STATEMENT
Title The three paradoxes of Roland Barthes
260 ## - PUBLICATION, DISTRIBUTION, ETC. (IMPRINT)
Place of publication Athens :
Name of publisher University of Georgia Press,
Year of publication c1989.
300 ## - PHYSICAL DESCRIPTION
Number of Pages xiv, 165 p.
650 #0 - SUBJECT ADDED ENTRY--TOPICAL TERM
Topical Term Philologists
856 40 - ELECTRONIC LOCATION AND ACCESS
Uniform Resource Identifier http://site.ebrary.com/lib/rucke/Doc?id=10742085

No items available.

© 2026 Rongo University
Contact us: librarian | system librarian | Rongo university